000 00513cam a2200217 4500
001 B650
008 090401t1986 xxu||||| |||| 00| 0 eng d
035 _a(Sirsi) u37149
041 _aeng
050 _a694.01
100 _aRead, S.J.
245 _aControlling Death Watch Beetle
260 _aGarston,Watford
_bBRE
_c1986
300 _a(4)p. : ill. ; 30cm.
350 _a0
490 _aBRE Information Paper
_v19/86
650 _aINSECTICIDES
650 _aTIMBER
942 _n0
948 _c04/03/1997
999 _c90445
_d90445